Pokémon - Les attaques de Coudlangue - Statistiques

Statistiques générales
  • Ce quiz a été pris 17 fois
  • Le résultat moyen est 8 sur 12
Statistiques - réponses
Niveaux Types Noms des attaques % Correct
Départ Spectre Léchouille
100%
Départ Roche Roulade
100%
Niveau 30 Normal Écrasement
88%
Départ Normal Boul'Armure
75%
Niveau 36 Ténèbres Sabotage
75%
Niveau 48 Normal Souplesse
75%
Niveau 42 Normal Grincement
63%
Niveau 54 Plante Mégafouet
63%
Niveau 18 Normal Ligotage
50%
Niveau 60 Normal Cognobidon
38%
Niveau 24 Normal Entrave
38%
Départ Normal Ultrason
38%
Aucun quiz correspondant
Distribution des résultats
% des personnes avec chaque résultat
Percentile par nombre de réponses
Votre historique - résultats
Vous n’avez pas pris ce quiz